[Event "Summer Prague Open A 2020"]
[Site "Prague"]
[Date "2020.08.10"]
[Round "4.5"]
[White "Roseneck, Jonas"]
[Black "Svanda, Ondrej"]
[Result "0-1"]
[WhiteElo "2416"]
[BlackElo "2238"]
[Annotator "ChessBase"]
[PlyCount "58"]
[EventDate "2020.08.08"]
[EventCountry "CZE"]
[SourceTitle "playchess.com"]
[Source "ChessBase"]
[SourceQuality "1"]
[TimeControl "40/5400+30:1800+30"]

1. e4 {[%emt 0:00:00]} c5 {[%emt 0:00:00]} 2. Nf3 {[%emt 0:00:00]} e6 {[%emt 0:00:00]} 3. d4 {[%emt 0:00:00]} cxd4 {[%emt 0:00:00]} 4. Nxd4 {[%emt 0:00:00]} Nc6 {[%emt 0:00:08]} 5. Nc3 {[%emt 0:00:00]} Qc7 {[%emt 0:00:12]} 6. Be3 {[%emt 0:00:00]} a6 {[%emt 0:00:09]} 7. Qf3 {[%emt 0:00:00]} d6 {[%emt 0:01:46]} 8. O-O-O {[%emt 0:00:10]} Bd7 {[%emt 0:00:04]} 9. Nxc6 {[%emt 0:00:04]} Bxc6 {[%emt 0:00:19]} 10. Qg3 {[%emt 0:00:17]} Nf6 {[%emt 0:06:52]} 11. f3 {[%emt 0:00:14]} Rc8 {[%emt 0:03:44]} 12. Bd3 {[%emt 0:32:08]} b5 {[%emt 0:00:16]} 13. Kb1 {[%emt 0:00:04]} g6 {[%emt 0:10:05]} 14. a3 {[%emt 0:19:30]} Bg7 {[%emt 0:13:25]} 15. Be2 {[%emt 0:08:17]} e5 {[%emt 0:10:22]} 16. Qf2 {[%emt 0:06:54]} O-O {[%emt 0:10:06]} 17. g4 {[%emt 0:03:10]} Rb8 {[%emt 0:04:13]} 18. g5 {[%emt 0:01:42]} Nh5 {[%emt 0:00:29]} 19. Nd5 {[%emt 0:10:33]} Bxd5 {[%emt 0:03:09]} 20. Rxd5 {[%emt 0:00:02]} Nf4 {[%emt 0:00:11]} 21. Rd2 {[%emt 0:00:57]} b4 {[%emt 0:07:14]} 22. a4 {[%emt 0:00:24]} Qc6 {[%emt 0:02:42]} 23. Rhd1 {[%emt 0:04:15]} Rfc8 {[%emt 0:04:35]} 24. b3 {[%emt 0:02:07]} d5 {[%emt 0:02:56]} 25. exd5 {[%emt 0:05:06]} Nxd5 {[%emt 0:00:52]} 26. Rxd5 {[%emt 0:00:10]} Qxc2+ {[%emt 0:00:04]} 27. Ka1 {[%emt 0:00:03]} Qxb3 {[%emt 0:03:48]} 28. R5d2 {[%emt 0:00:13]} e4+ {[%emt 0:03:09]} 29. Bd4 {[%emt 0:01:48]} e3 {[%emt 0:00:01]} 0-1

[Event "Summer Prague Open A 2020"]
[Site "Prague"]
[Date "2020.08.10"]
[Round "4.6"]
[White "Hrabusa, Matej"]
[Black "Marakovits, Nico"]
[Result "1-0"]
[WhiteElo "2350"]
[BlackElo "2105"]
[Annotator "ChessBase"]
[PlyCount "81"]
[EventDate "2020.08.08"]
[EventCountry "CZE"]
[SourceTitle "playchess.com"]
[Source "ChessBase"]
[SourceQuality "1"]
[TimeControl "40/5400+30:1800+30"]

1. e4 {[%emt 0:00:00]} c5 {[%emt 0:00:00]} 2. Nf3 {[%emt 0:00:05]} Nc6 {[%emt 0:00:00]} 3. Bb5 {[%emt 0:00:13]} g6 {[%emt 0:00:00]} 4. Bxc6 {[%emt 0:00:16]} bxc6 {[%emt 0:00:00]} 5. O-O {[%emt 0:00:14]} Bg7 {[%emt 0:00:08]} 6. Re1 {[%emt 0:00:12]} Nf6 {[%emt 0:00:16]} 7. e5 {[%emt 0:00:34]} Nd5 {[%emt 0:00:28]} 8. c4 {[%emt 0:00:19]} Nc7 {[%emt 0:00:05]} 9. b3 {[%emt 0:03:46]} O-O {[%emt 0:02:52]} 10. Bb2 {[%emt 0:00:16]} Ne6 {[%emt 0:02:41]} 11. Nc3 {[%emt 0:03:30]} d6 {[%emt 0:03:54]} 12. Na4 {[%emt 0:03:10]} Qc7 {[%emt 0:05:38]} 13. exd6 {[%emt 0:08:14]} exd6 {[%emt 0:02:45]} 14. Bxg7 {[%emt 0:00:07]} Nxg7 {[%emt 0:00:54]} 15. d4 {[%emt 0:05:10]} cxd4 {[%emt 0:02:55]} 16. Qxd4 {[%emt 0:02:50]} Be6 {[%emt 0:03:19]} 17. Ng5 {[%emt 0:11:02]} Bf5 {[%emt 0:07:15]} 18. Rad1 {[%emt 0:09:13]} Rfe8 {[%emt 0:05:21]} 19. Rxe8+ {[%emt 0:13:16]} Rxe8 {[%emt 0:00:29]} 20. Nc3 {[%emt 0:03:09]} Qe7 {[%emt 0:05:14]} 21. Nf3 {[%emt 0:01:01]} Rd8 {[%emt 0:03:43]} 22. h3 {[%emt 0:03:19]} h5 {[%emt 0:03:33]} 23. Re1 {[%emt 0:04:37]} Qd7 {[%emt 0:02:06]} 24. Qd2 {[%emt 0:05:12]} Re8 {[%emt 0:05:42]} 25. Rd1 {[%emt 0:01:38]} Rd8 {[%emt 0:00:50]} 26. Qh6 {[%emt 0:02:12]} f6 {[%emt 0:03:00]} 27. Qf4 {[%emt 0:01:50]} Ne6 {[%emt 0:02:41]} 28. Qg3 {[%emt 0:01:58]} g5 {[%emt 0:04:01]} 29. Nd2 {[%emt 0:02:02]} h4 {[%emt 0:03:16]} 30. Qe3 {[%emt 0:01:34]} d5 {[%emt 0:01:56]} 31. cxd5 {[%emt 0:02:13]} cxd5 {[%emt 0:00:09]} 32. Nde4 {[%emt 0:00:48]} dxe4 {[%emt 0:00:35]} 33. Rxd7 {[%emt 0:00:15]} Rxd7 {[%emt 0:00:04]} 34. Nxe4 {[%emt 0:00:40]} Kf7 {[%emt 0:01:48]} 35. Nc5 {[%emt 0:01:49]} Rd1+ {[%emt 0:00:47]} 36. Kh2 {[%emt 0:00:07]} Nf4 {[%emt 0:00:20]} 37. b4 {[%emt 0:02:23]} Rb1 {[%emt 0:02:38]} 38. Nb7 {[%emt 0:02:14]} Bd7 {[%emt 0:05:13]} 39. Nd6+ {[%emt 0:00:40]} Kf8 {[%emt 0:01:12]} 40. Qxa7 {[%emt 0:01:31]} Ke7 {[%emt 0:00:56]} 41. Nf5+ {[%emt 0:31:30]} 1-0

[Event "Summer Prague Open A 2020"]
[Site "Prague"]
[Date "2020.08.10"]
[Round "4.7"]
[White "Cernousek, Lukas"]
[Black "Frank, Adam"]
[Result "1-0"]
[WhiteElo "2458"]
[BlackElo "2227"]
[Annotator "ChessBase"]
[PlyCount "65"]
[EventDate "2020.08.08"]
[EventCountry "CZE"]
[SourceTitle "playchess.com"]
[Source "ChessBase"]
[SourceQuality "1"]
[TimeControl "40/5400+30:1800+30"]

1. e4 {[%emt 0:00:56]} d6 {[%emt 0:00:00]} 2. d4 {[%emt 0:00:17]} Nf6 {[%emt 0:00:00]} 3. Nc3 {[%emt 0:00:06]} g6 {[%emt 0:00:00]} 4. Be3 {[%emt 0:00:07]} a6 {[%emt 0:00:14]} 5. h3 {[%emt 0:00:51]} b5 {[%emt 0:00:41]} 6. e5 {[%emt 0:00:12]} Nfd7 {[%emt 0:00:47]} 7. a4 {[%emt 0:01:33]} Bb7 {[%emt 0:10:51]} 8. exd6 {[%emt 0:16:05]} cxd6 {[%emt 0:00:20]} 9. axb5 {[%emt 0:00:06]} axb5 {[%emt 0:00:20]} 10. Rxa8 {[%emt 0:00:39]} Bxa8 {[%emt 0:00:03]} 11. Nxb5 {[%emt 0:00:11]} Bg7 {[%emt 0:05:31]} 12. f3 {[%emt 0:19:24]} O-O {[%emt 0:05:29]} 13. Bd3 {[%emt 0:00:20]} e5 {[%emt 0:06:13]} 14. Ne2 {[%emt 0:04:35]} Qh4+ {[%emt 0:03:25]} 15. Bf2 {[%emt 0:01:44]} Qg5 {[%emt 0:00:03]} 16. Bg3 {[%emt 0:02:25]} Nc6 {[%emt 0:10:17]} 17. Qd2 {[%emt 0:10:44]} Qh5 {[%emt 0:02:18]} 18. d5 {[%emt 0:01:46]} Ne7 {[%emt 0:04:00]} 19. c4 {[%emt 0:04:04]} Bh6 {[%emt 0:00:56]} 20. Qc2 {[%emt 0:08:01]} Rc8 {[%emt 0:22:29]} 21. Nec3 {[%emt 0:17:05]} Qg5 {[%emt 0:00:51]} 22. Bf2 {[%emt 0:04:41]} Qxg2 {[%emt 0:01:37]} 23. Rg1 {[%emt 0:00:01]} Qxf3 {[%emt 0:00:26]} 24. Nxd6 {[%emt 0:01:10]} Rb8 {[%emt 0:06:09]} 25. Be4 {[%emt 0:04:48]} Qf4 {[%emt 0:00:04]} 26. Ncb5 {[%emt 0:00:35]} Nf6 {[%emt 0:02:18]} 27. Ba7 {[%emt 0:00:28]} Rd8 {[%emt 0:00:56]} 28. Rf1 {[%emt 0:00:27]} Qg5 {[%emt 0:03:04]} 29. Bb6 {[%emt 0:00:28]} Rf8 {[%emt 0:01:27]} 30. Rf3 {[%emt 0:00:18]} Nxe4 {[%emt 0:00:48]} 31. Nxe4 {[%emt 0:00:15]} Qh4+ {[%emt 0:00:04]} 32. Bf2 {[%emt 0:00:15]} Qh5 {[%emt 0:00:06]} 33. Nf6+ {[%emt 0:00:06]} 1-0

[Event "Summer Prague Open A 2020"]
[Site "Prague"]
[Date "2020.08.10"]
[Round "4.8"]
[White "Soural, Jan"]
[Black "Miedema, David"]
[Result "1/2-1/2"]
[WhiteElo "2234"]
[BlackElo "2382"]
[Annotator "TA"]
[PlyCount "131"]
[EventDate "2020.08.08"]
[EventCountry "CZE"]
[SourceTitle "playchess.com"]
[Source "ChessBase"]
[SourceQuality "1"]

{[%evp 23,131,25,21,20,39,26,41,0,55,44,39,0,0,0,5,0,13,13,12,12,18,18,35,35,35,35,35,35,53,18,54,60,46,13,13,13,13,15,122,91,131,150,271,285,285,282,384,387,371,318,462,451,472,433,406,89,89,89,89,89,89,89,89,89,89,41,41,41,41,41,41,41,41,41,41,41,41,41,41,41,41,41,41,41,41,41,41,41,41,41,41,0,41,41,41,41,41,41,41,41,41,41,41,41,53,0,0,0,8,13]} 1. c4 e6 2. Nf3 d5 3. g3 c5 4. cxd5 exd5 5. d4 Nc6 6. Bg2 Nf6 7. O-O Be7 8. Nc3 O-O 9. b3 Ne4 10. Bb2 Bf6 11. Na4 cxd4 12. Nxd4 Bd7 13. Rc1 {D34: Tarrasch Defence: 6 g3 Nf6 7 Bg2 Be7.} Re8 14. e3 {[#]} Ne5 $146 ({Predecessor:} 14... Rc8 15. Ne2 Bxb2 16. Nxb2 Qa5 17. a4 Bf5 18. Nd3 Nd2 19. Rc5 Qa6 20. Qxd2 Bxd3 21. Re1 Bxe2 22. Qxe2 {1-0 (70) Zhou,J (2607)-Xiu,D (2534) Xinghua 2013}) 15. h3 {White is slightly better.} Rc8 (15... Bxa4 $11 16. bxa4 Nc4) 16. Nc3 $14 Qa5 {[%cal Re4c3]} 17. Nxe4 dxe4 18. Rxc8 Bxc8 19. Qc2 Nf3+ 20. Nxf3 exf3 21. Bxf3 Qxa2 22. Rc1 Be6 23. Bxf6 Qxc2 24. Rxc2 gxf6 {[%mdl 4096] Endgame KRB-KRB} 25. Rc7 b6 26. b4 a6 27. Rb7 b5 $1 28. Ra7 Rc8 $1 29. Ra8 Bxh3 30. Rxa6 Rc4 (30... Rc1+ $11 {keeps the balance.} 31. Kh2 Be6) 31. Rxf6 Rxb4 32. Bd5 Be6 (32... Rb1+ $16 33. Kh2 Bg4) 33. Bxe6 $18 fxe6 34. Rxe6 {KR-KR} Rb1+ 35. Kg2 b4 36. Re7 b3 (36... h5 {might work better.} 37. Re5 Kf8 38. Rxh5 Ke7) 37. g4 h6 38. Rb7 Kf8 39. f4 $2 {[#]} (39. Kf3 $18 {has better winning chances.}) 39... b2 $16 40. e4 Re1 41. Rxb2 Rxe4 42. Kf3 Re1 43. Rb7 Kg8 44. f5 Ra1 45. Rd7 {And now Rd6 would win.} Ra4 46. Re7 Rb4 47. Re4 (47. Re3 {is more complex.} Kf7 48. Re6 Kg7 49. Rg6+ Kh7 50. Ra6) 47... Rb1 48. Kf4 Kg7 49. Ra4 Rf1+ 50. Ke5 Re1+ 51. Re4 Ra1 52. Rd4 {[#] Black must now prevent Rd7+.} Re1+ 53. Kf4 Rf1+ 54. Kg3 Rg1+ 55. Kf3 Rf1+ 56. Ke2 Ra1 57. Rd7+ Kg8 58. Ke3 Ra4 59. Rd4 (59. Kf3 {with more complications.} Ra3+ 60. Kf4 Ra4+ 61. Kg3 Ra1 62. Rb7) 59... Ra7 60. Kf4 {Hoping for Rc4.} Kg7 61. Rb4 {Strongly threatening Re4.} Rc7 62. Ke5 Re7+ 63. Kd5 Ra7 64. Rb6 {Black should prevent Ke6.} Ra4 65. Rg6+ Kh7 66. Ke5 {Blacks defense is rewarded with a draw. Accuracy: White = 79%, Black = 74%.} 1/2-1/2

[Event "Summer Prague Open A 2020"]
[Site "Prague"]
[Date "2020.08.10"]
[Round "4.9"]
[White "Neuman, Petr"]
[Black "Mueer, Sebastian"]
[Result "1-0"]
[WhiteElo "2376"]
[BlackElo "2210"]
[Annotator "ChessBase"]
[PlyCount "75"]
[EventDate "2020.08.08"]
[EventCountry "CZE"]
[SourceTitle "playchess.com"]
[Source "ChessBase"]
[SourceQuality "1"]
[TimeControl "40/5400+30:1800+30"]

1. d4 Nf6 2. c4 e6 3. Nc3 Bb4 4. g3 O-O 5. Bg2 d5 6. Nf3 dxc4 7. O-O Nc6 8. Qa4 Bd7 9. Qc2 Rb8 10. e4 Be7 11. Qe2 b5 12. Rd1 Qe8 13. Ne5 b4 14. Nb1 Na5 15. Nxc4 Bb5 16. b3 Nd7 17. Bb2 Nb6 18. Nbd2 Bxc4 19. Nxc4 Naxc4 20. bxc4 Na4 21. e5 c6 22. Be4 Qc8 23. Bxh7+ Kxh7 24. Qc2+ Kg8 25. Qxa4 f6 26. d5 exd5 27. cxd5 fxe5 28. d6 Bf6 29. Rac1 c5 30. Qb3+ Rf7 31. Qd5 Qa6 32. Rxc5 Bd8 33. Rc2 Rb5 34. Qe6 Qb6 35. Bxe5 b3 36. axb3 Rxb3 37. Bd4 Qa5 38. Qxb3 1-0

[Event "Summer Prague Open A 2020"]
[Site "Prague"]
[Date "2020.08.10"]
[Round "4.10"]
[White "Mukashev, Assan"]
[Black "Vokac, Marek"]
[Result "0-1"]
[WhiteElo "2207"]
[BlackElo "2362"]
[Annotator "ChessBase"]
[PlyCount "70"]
[EventDate "2020.08.08"]
[EventCountry "CZE"]
[SourceTitle "playchess.com"]
[Source "ChessBase"]
[SourceQuality "1"]
[TimeControl "40/5400+30:1800+30"]

1. d4 g6 2. c4 Bg7 3. Nc3 c5 4. e3 Nf6 5. d5 e6 6. Be2 O-O 7. h4 exd5 8. cxd5 d6 9. h5 Qe7 10. hxg6 fxg6 11. Nh3 Bxh3 12. Rxh3 Nbd7 13. Kf1 a6 14. a4 Rae8 15. Kg1 Ne4 16. Nxe4 Qxe4 17. Bg4 Ne5 18. Be6+ Kh8 19. f3 Qd3 20. Qe1 Qc2 21. e4 h5 22. Qg3 Nxf3+ 23. gxf3 Bd4+ 24. Kh1 Qd1+ 25. Kh2 Rxf3 26. Be3 Qe2+ 27. Qg2 Rxh3+ 28. Kxh3 Qxe3+ 29. Kh2 Rf8 30. Rf1 Be5+ 31. Kh1 Rxf1+ 32. Qxf1 Qxe4+ 33. Kg1 Qd4+ 34. Kg2 Qxb2+ 35. Kh1 Qh2# 0-1

[Event "Summer Prague Open A 2020"]
[Site "Prague"]
[Date "2020.08.10"]
[Round "4.11"]
[White "Malassagne, Raphael"]
[Black "Haack, Kevin"]
[Result "1/2-1/2"]
[WhiteElo "2305"]
[BlackElo "2180"]
[Annotator "ChessBase"]
[PlyCount "59"]
[EventDate "2020.08.08"]
[EventCountry "CZE"]
[SourceTitle "playchess.com"]
[Source "ChessBase"]
[SourceQuality "1"]
[TimeControl "40/5400+30:1800+30"]

1. d4 d5 2. Bf4 Nf6 3. e3 e6 4. Nd2 Bd6 5. Bg3 O-O 6. Ngf3 c5 7. c3 Qc7 8. dxc5 Bxg3 9. hxg3 Qxc5 10. Bd3 h6 11. Qa4 Nc6 12. g4 e5 13. g5 Ng4 14. gxh6 Nxh6 15. Rh5 f5 16. Bb5 Ng4 17. Nb3 Qd6 18. O-O-O e4 19. Rxd5 Qg6 20. Bc4 Be6 21. Rg5 Qh6 22. Rd7 exf3 23. Rgxg7+ Kh8 24. Rh7+ Qxh7 25. Rxh7+ Kxh7 26. gxf3 Bxc4 27. Qxc4 Nce5 28. Qb5 Nxf2 29. Qxb7+ Kg6 30. Qa6+ 1/2-1/2

[Event "Summer Prague Open A 2020"]
[Site "Prague"]
[Date "2020.08.10"]
[Round "4.12"]
[White "Mladek, Richard"]
[Black "Ludvik, Tomas"]
[Result "1-0"]
[WhiteElo "2280"]
[BlackElo "2202"]
[Annotator "ChessBase"]
[PlyCount "109"]
[EventDate "2020.08.08"]
[EventCountry "CZE"]
[SourceTitle "playchess.com"]
[Source "ChessBase"]
[SourceQuality "1"]
[TimeControl "40/5400+30:1800+30"]

1. d4 d5 2. c4 c6 3. Nf3 Nf6 4. e3 e6 5. Nc3 Nbd7 6. Qc2 Bd6 7. g4 h6 8. Rg1 b5 {[%emt 0:02:29]} 9. cxb5 {[%emt 0:04:37]} c5 10. e4 {[%emt 0:07:53]} cxd4 {[%emt 0:08:59]} 11. Nxd4 {[%emt 0:00:09]} Bb7 {[%emt 0:08:13]} 12. Nc6 {[%emt 0:10:57]} Bxc6 {[%emt 0:12:03]} 13. bxc6 {[%emt 0:00:02]} Ne5 {[%emt 0:00:32]} 14. Be2 {[%emt 0:01:27]} d4 {[%emt 0:08:21]} 15. Qa4 {[%emt 0:00:17]} Bc7 {[%emt 0:01:08]} 16. Bf4 {[%emt 0:07:24]} dxc3 {[%emt 0:04:10]} 17. Bxe5 {[%emt 0:27:53]} Qd2+ {[%emt 0:01:21]} 18. Kf1 {[%emt 0:00:01]} Bxe5 {[%emt 0:00:14]} 19. Rd1 {[%emt 0:04:13]} Qxb2 {[%emt 0:02:42]} 20. c7+ {[%emt 0:00:41]} Ke7 {[%emt 0:00:36]} 21. Qa5 {[%emt 0:02:04]} Nxg4 {[%emt 0:21:32]} 22. Rxg4 {[%emt 0:03:06]} c2 {[%emt 0:00:16]} 23. Qc5+ {[%emt 0:02:00]} Kf6 {[%emt 0:00:08]} 24. Re1 {[%emt 0:00:23]} g5 {[%emt 0:04:46]} 25. Rg3 {[%emt 0:04:54]} Rac8 {[%emt 0:06:15]} 26. Rb3 {[%emt 0:03:45]} Qd4 {[%emt 0:02:26]} 27. Rf3+ {[%emt 0:04:47]} Kg6 {[%emt 0:00:36]} 28. Qe7 {[%emt 0:03:20]} Bf6 {[%emt 0:06:46]} 29. Rxf6+ {[%emt 0:00:05]} Qxf6 {[%emt 0:00:10]} 30. Qc5 {[%emt 0:01:51]} Qf4 {[%emt 0:02:17]} 31. e5 {[%emt 0:00:05]} Qxh2 {[%emt 0:03:24]} 32. Qxc2+ {[%emt 0:01:10]} Kg7 {[%emt 0:00:04]} 33. Ba6 {[%emt 0:00:15]} Qh1+ {[%emt 0:02:23]} 34. Ke2 {[%emt 0:00:02]} Qd5 {[%emt 0:00:30]} 35. Kf1 {[%emt 0:04:49]} Qa5 {[%emt 0:02:17]} 36. Bxc8 {[%emt 0:00:37]} Rxc8 {[%emt 0:00:02]} 37. Rc1 {[%emt 0:00:14]} Qxe5 {[%emt 0:01:00]} 38. Qc6 {[%emt 0:00:35]} Qd5 {[%emt 0:00:58]} 39. Qa6 {[%emt 0:00:18]} Qd7 {[%emt 0:02:17]} 40. Qxa7 {[%emt 0:00:36]} h5 {[%emt 0:00:31]} 41. Qb7 {[%emt 0:37:59]} e5 {[%emt 0:08:38]} 42. a4 {[%emt 0:00:00]} f6 {[%emt 0:06:17]} 43. a5 {[%emt 0:00:00]} Qh3+ {[%emt 0:01:38]} 44. Ke2 {[%emt 0:00:00]} Qg4+ {[%emt 0:00:38]} 45. Qf3 {[%emt 0:00:00]} Qe6 {[%emt 0:04:32]} 46. Qc6 {[%emt 0:00:00]} Qg4+ {[%emt 0:01:48]} 47. Kf1 {[%emt 0:00:00]} Qh3+ {[%emt 0:00:35]} 48. Ke1 {[%emt 0:00:00]} Qg4 {[%emt 0:02:11]} 49. a6 {[%emt 0:00:00]} Qg1+ {[%emt 0:00:32]} 50. Ke2 {[%emt 0:00:00]} Qg4+ {[%emt 0:00:16]} 51. Qf3 {[%emt 0:00:00]} Qa4 {[%emt 0:01:37]} 52. Qc6 {[%emt 0:00:00]} Qg4+ {[%emt 0:00:12]} 53. Kf1 {[%emt 0:00:00]} Qh3+ {[%emt 0:07:06]} 54. Ke1 {[%emt 0:00:00]} Qa3 {[%emt 0:00:24]} 55. a7 {[%emt 0:00:00]} 1-0

[Event "Summer Prague Open A 2020"]
[Site "Prague"]
[Date "2020.08.10"]
[Round "4.13"]
[White "Richter, Philipp"]
[Black "Csiki, Endre"]
[Result "1/2-1/2"]
[WhiteElo "2127"]
[BlackElo "2266"]
[Annotator "ChessBase"]
[PlyCount "89"]
[EventDate "2020.08.08"]
[EventCountry "CZE"]
[SourceTitle "playchess.com"]
[Source "ChessBase"]
[SourceQuality "1"]
[TimeControl "40/5400+30:1800+30"]

1. d4 Nf6 2. c4 g6 3. f3 Nc6 4. d5 Ne5 5. e4 d6 6. f4 Ned7 7. Nc3 Bg7 8. Nh3 O-O 9. Be2 Nc5 10. Nf2 c6 11. Be3 cxd5 12. cxd5 e6 13. e5 Nxd5 14. Nxd5 exd5 15. Qxd5 Be6 16. Qd2 Na4 17. Rd1 Nb6 18. Qxd6 Qxd6 19. Rxd6 Rfc8 20. Bxb6 axb6 21. a3 Rc2 22. Rd2 Rac8 23. Bd3 Rc1+ 24. Rd1 Bb3 25. Rxc1 Rxc1+ 26. Ke2 Rxh1 27. Nxh1 f6 28. f5 Bd5 29. Ng3 fxe5 30. fxg6 hxg6 31. Be4 Bxe4 32. Nxe4 Kf7 33. Kd3 Ke6 34. g4 Bh6 35. a4 Kd5 36. b4 Ke6 37. Kc4 Be3 38. Kd3 Bh6 39. Kc4 Be3 40. h4 Bf4 41. Kd3 Bh6 42. Nc3 Bf8 43. Kc4 Be7 44. Kb5 Bxh4 45. Kc4 1/2-1/2

[Event "Summer Prague Open A 2020"]
[Site "Prague"]
[Date "2020.08.10"]
[Round "4.14"]
[White "Wedda, Dries"]
[Black "Michalczak, Thomas"]
[Result "1/2-1/2"]
[WhiteElo "2172"]
[BlackElo "2245"]
[Annotator "TA"]
[PlyCount "128"]
[EventDate "2020.08.08"]
[EventCountry "CZE"]
[SourceTitle "playchess.com"]
[Source "ChessBase"]
[SourceQuality "1"]

{[%evp 21,128,14,22,12,21,-18,-9,-22,-25,-21,-9,-9,-18,-40,-40,-45,-3,0,-6,0,0,-16,-13,-14,-8,-10,0,-18,-22,-23,-26,-154,-135,-172,-134,-137,-130,-137,-138,-137,-132,-176,-87,-92,-80,-76,-71,-67,-77,-132,-106,-121,-96,-96,-95,-104,0,-73,-66,-100,-93,-96,0,-68,-64,-92,-89,-85,-55,-114,-122,-212,-212,-226,-226,-214,-221,-212,-212,-212,-212,-269,-261,-282,-237,-302,-299,-333,-164,-164,-163,-163,-163,-163,-163,-163,-163,-163,0,-163,-163,-163,-8,-8,-8,-8,-8,-9,0]} 1. c4 e6 2. Nc3 d5 3. d4 Nf6 4. cxd5 exd5 5. Bg5 Nbd7 6. e3 c6 7. Bd3 Be7 8. Nge2 Nh5 9. Bxe7 Qxe7 10. Qc2 g6 11. O-O O-O 12. Rab1 {D36: Queen's Gambit Declined: Exchange Variation: Main line (5 Bg5 c6 6 Qc2).} a5 {[#]} 13. e4 $146 ({Predecessor:} 13. a3 Ng7 14. b4 axb4 15. axb4 b5 16. e4 dxe4 17. Bxe4 Ra6 18. Rfe1 Nf6 19. Bd3 Qd6 {1-0 (50) Fier,A (2560)-Mareco,S (2629) chess24.com INT 2020}) 13... dxe4 14. Nxe4 Ndf6 15. Rfe1 Nxe4 16. Bxe4 Re8 17. Bd3 Bg4 18. Qc3 Bxe2 19. Bxe2 Nf4 20. Bf3 Qf6 21. a3 Rad8 $36 {[%mdl 2048] Black has some pressure.} 22. Qxa5 Rxe1+ 23. Rxe1 Qxd4 24. Qe5 Qxe5 25. Rxe5 $11 {[%mdl 4096] Endgame KRB-KRN} Rd2 26. h3 (26. b4 $11 {remains equal.}) 26... Rxb2 $17 27. Re8+ Kg7 28. Rb8 {intending Bxc6.} Rb6 29. a4 {[%cal Ba3a4,Ba4a5][%mdl 32]} Kf6 30. a5 Rb5 31. Ra8 {[#]} Rb1+ (31... c5 $1 $19 32. Kh2 Ne6) 32. Kh2 Ra1 33. Ra7 Nd5 34. Rxb7 Rxa5 35. Bg4 (35. g4 $142) 35... Ra2 36. Bd7 Ne7 37. Kg1 Ra1+ 38. Kh2 Ra2 39. Kg1 $1 h5 40. h4 Ra1+ 41. Kh2 Ra2 42. Kg1 $1 Ra8 43. Rc7 Rd8 44. Bh3 Rd6 45. Bd7 (45. g3 $15) 45... Ke5 46. Be8 {[#]} (46. Ra7 $17) 46... Ke6 $1 $19 47. Kh2 Rd8 48. Bxc6 Kd6 $1 {[%csl LRc6,LRc7][%mdl 64] Double Attack} 49. Ra7 Nxc6 50. Rxf7 {KRN-KR} Ke6 51. Rc7 Ne5 52. f3 Rd2 53. Kh3 Nd3 54. g4 Ke5 (54... hxg4+ $142 55. fxg4 Ne5) 55. Kg3 Nf4 {[%csl Gf4][%cal Rd2g2]} 56. Re7+ Kf6 57. Ra7 Ne2+ 58. Kf2 Nc3+ 59. Kg3 Ne2+ 60. Kf2 Nc1+ 61. Kg3 Rd5 $2 (61... Ra2 $19 62. Rb7 Ne2+ 63. Kf2 Nf4+ 64. Kg3 Ke5 65. Re7+ Ne6) 62. Ra6+ $11 {The position is equal.} Kf7 {...Ne2+ is the strong threat.} 63. Ra7+ Ke6 {White must now prevent ...Ne2+.} 64. Ra6+ Kf7 {Accuracy: White = 70%, Black = 78%.} 1/2-1/2

[Event "Summer Prague Open A 2020"]
[Site "Prague"]
[Date "2020.08.10"]
[Round "4.15"]
[White "Kulhanek, Tomas"]
[Black "Soubirou, Oriane"]
[Result "1-0"]
[WhiteElo "2339"]
[BlackElo "2144"]
[Annotator "TA"]
[PlyCount "109"]
[EventDate "2020.08.08"]
[EventCountry "CZE"]
[SourceTitle "playchess.com"]
[Source "ChessBase"]
[SourceQuality "1"]

{[%evp 9,109,0,0,0,0,0,0,0,0,25,22,0,0,0,0,-103,-9,-88,-52,-82,-39,-150,-119,-110,-115,-113,-120,-117,-126,-158,-50,-98,-89,-169,-136,-164,-129,-146,-149,-153,-130,-234,-225,-293,-191,-156,-100,-80,-64,-82,-83,-80,4,0,80,71,95,-308,275,266,363,0,0,0,0,0,0,-741,367,378,653,635,558,527,473,291,594,571,594,336,423,423,737,540,29984,29985,29985,29986,29985,29980,4960,4710,29989,29979,29983,29984,29984,29985,29993,29994,29997,29998]} 1. e4 e5 2. Nc3 Nf6 3. g3 Bc5 4. Bg2 a5 5. Nf3 d6 $1 6. d4 {C26: Vienna Game: 2...Nf6, sidelines .} exd4 7. Nxd4 O-O 8. h3 {The position is equal.} a4 9. a3 {[#]} c6 $146 ({Predecessor:} 9... Re8 10. Be3 Bb6 11. O-O Nbd7 12. b4 axb3 13. cxb3 Ne5 14. Nc2 c6 15. f4 Ng6 16. Bxb6 Qxb6+ {1-0 (35) De Smet,K (2208)-Hjorth,J (1970) ICCF email 2016}) 10. O-O Qb6 11. Nde2 Be6 12. Kh2 (12. Nf4 $11) 12... Nbd7 (12... Bxf2 $17 13. Qxd6 Bc5) 13. Rb1 (13. Nf4 $11 {remains equal.}) 13... Rfe8 $36 {[%mdl 2048] Black has some pressure.} 14. f3 h6 15. h4 (15. Nf4 $15) 15... Bc4 16. b3 axb3 17. cxb3 Bxe2 $1 18. Qxe2 d5 19. Qc2 Qa6 ({Black should play} 19... dxe4 $17 20. Nxe4 Nxe4 21. fxe4 Bxa3) 20. exd5 cxd5 21. b4 (21. Bb2 $17) 21... Bd6 $19 22. b5 Qa5 {...Rec8 is the strong threat.} 23. Ne2 Qb6 24. Rb3 Ne5 25. Kh1 (25. Nf4 $17) 25... Nc4 26. Qd3 Ra5 27. Nc3 Qc5 (27... Nxa3 $6 28. Bd2 $11) (27... Ne3 $142 28. Re1 d4) 28. f4 $17 {[%cal Rc3d5]} d4 {And now ...Ne3 would win.} ({Of course not} 28... Nxa3 $6 29. Nxd5 Nxd5 30. Bxd5 $11) 29. Ne4 Nxe4 30. Bxe4 f5 (30... Rxb5 $17 31. Rxb5 Qxb5) 31. Bxb7 Ne3 (31... Rxb5 $11 32. Rxb5 Qxb5) 32. Re1 $16 {Black must now prevent Bd2.} Rb8 33. Bc6 $2 {[%mdl 8192] [#]} (33. Bxe3 $16 {and life is bright.} Rxb7 34. Qxd4 (34. Bxd4 Qd5+ 35. Kh2 Rbxb5 $16) 34... Qxd4 35. Bxd4) 33... Ng4 $4 {[%mdl 8192]} (33... Raxb5 $1 $19 {[%mdl 512]} 34. Rc3 (34. Rxb5 Qxc6+) 34... Qxc3 35. Qxc3 dxc3 36. Bxb5 Rxb5 37. Bxe3 Bxa3) 34. Kg2 $18 Rc8 35. Qf3 $2 (35. Bd7 $18) 35... Qc2+ $11 36. Re2 Qxc1 37. Qd5+ {[%mdl 64] Double Attack} Kh8 38. Qxf5 $2 {[%mdl 8192] [#]} (38. Qxd6 $11 Ne3+ 39. Kh2) 38... Rf8 $4 {[%mdl 8192]} (38... Qxc6+ $1 $19 {[%mdl 512] and all is fine.} 39. bxc6 Rxf5) 39. Qxg4 $18 Rxa3 $2 (39... Qc4) 40. Rxa3 Qxa3 41. Qg6 {Intending Be4 and mate.} Rf6 42. Qe4 Bc5 $2 {[#]} (42... d3 {is tougher.}) 43. b6 $1 {[%mdl 512]} Bxb6 44. Bb5 Qd6 45. h5 ({Not} 45. Bd3 g6 $18) 45... g6 (45... Qd8 $142 46. Ra2 Qg8) 46. Rc2 Re6 47. Qa8+ Kg7 {[#]} 48. Rc8 $1 {[%cal Rc8g8]} gxh5 49. Rg8+ Kf6 50. Bd3 {Rg6+ would kill now.} Bc7 51. Kh3 {White mates.} Qc5 52. Rg6+ Ke7 {[#]} 53. Rg7+ $1 Kf6 {[#]} 54. Qh8 $1 {[%cal Rg7c7][%mdl 512]} Bxf4 55. Rc7+ {Never resign too early! Accuracy: White = 59%, Black = 38%.} 1-0